| 000 | 01056nam a2200349Ia 4500 | ||
|---|---|---|---|
| 001 | dia_1004 | ||
| 003 | CHAP | ||
| 005 | 20230119133650.0 | ||
| 008 | 220117s1986 xx 000 0 und d | ||
| 010 | _a171553 | ||
| 020 | _a92-5-302329-5 | ||
| 040 | _cCHAP | ||
| 082 | _a338.17318 A77 1986 | ||
| 110 |
_aFAO _939428 |
||
| 245 |
_aArroz : algunos aspectos de las políticas de producción, comercio y precios / _c FAO |
||
| 260 |
_aRoma, Italia : _b FAO, _c1986 |
||
| 300 | _aiv, 103 p. | ||
| 440 |
_aEstudio FAO Desarrollo Económico y Social ; 54 _9149773 |
||
| 503 | _aC/e | ||
| 590 | _aHD9066.A2 A77 1986 | ||
| 650 |
_aArroz _xAspectos económicos _97562 |
||
| 650 |
_aArroz _xComercio _9149774 |
||
| 650 |
_aArroz _xPrecios _97645 |
||
| 650 |
_aRice _xEconomical aspects _9149775 |
||
| 650 |
_aRice _xPrices _9149776 |
||
| 650 |
_aRice _xTrade _9149777 |
||
| 710 |
_aFAO _939428 |
||
| 901 | _a338.17318 A77 1986 | ||
| 902 | _aM | ||
| 905 | _a5232271986 IT mn 8226223322SPA16 | ||
| 942 |
_cLIBRO _2ddc |
||
| 999 |
_c171553 _d171553 |
||